000 003000000a22001330004500
003 MACL
040 _aMACL
090 _c40264
_d40262
100 _aGeorge Philip Ltd
245 _aWorld Atlas & Encyclopedia
260 _bGeorge Philip Ltd
_c1999
650 _aGeography & Travel
942 _cRBKS
_k030
999 _c39830
_d39830